Construction equipment guide (Record no. 583936)

000 -LEADER
fixed length control field 00779nam a22001937a 4500
003 - CONTROL NUMBER IDENTIFIER
control field CEME
005 - DATE AND TIME OF LATEST TRANSACTION
control field 20210628210307.0
008 - FIXED-LENGTH DATA ELEMENTS--GENERAL INFORMATION
fixed length control field 210127b xxu||||| |||| 00| 0 eng d
020 ## - INTERNATIONAL STANDARD BOOK NUMBER
International Standard Book Number 0-471-88840-0
040 ## - CATALOGING SOURCE
Transcribing agency .
082 ## - DEWEY DECIMAL CLASSIFICATION NUMBER
Classification number 624.028 DAY
100 ## - MAIN ENTRY--PERSONAL NAME
Personal name Day, David A Benjamin, Neal B.H
9 (RLIN) 78869
245 ## - TITLE STATEMENT
Title Construction equipment guide
250 ## - EDITION STATEMENT
Edition statement 2ND
260 ## - PUBLICATION, DISTRIBUTION, ETC.
Place of publication, distribution, etc. NEW YORK
Name of publisher, distributor, etc. JOHN WILEY
Date of publication, distribution, etc. 1991
300 ## - PHYSICAL DESCRIPTION
Extent XXIII,438P
650 ## - SUBJECT ADDED ENTRY--TOPICAL TERM
Topical term or geographic name entry element CONSTRUCTION EQUIPMENT.INTERNAL COMBUSTION ENGINE.EARTHMOVING FUNDAMENTALS.TRACTORS.DOZERS.RIPPERS.SCRAPERS FOR EARTHMOVING.LOADERS.HAULERS.GRADERS.COMPACTORS.EXCAVTING EQUIPMENT.LOFTING AND HOISTING EQUIPMENT.CONVEYORS.AGGREGATE PRODUCTION EQUIPMENT.CONCRETE PLANT AND EQUIPMENT.ASPHALT AND PAVING EQUIPMENT.
9 (RLIN) 78870
942 ## - ADDED ENTRY ELEMENTS (KOHA)
Koha item type Book
Source of classification or shelving scheme
Holdings
Withdrawn status Lost status Damaged status Not for loan Permanent Location Current Location Shelving location Date acquired Total Checkouts Full call number Barcode Date last seen Price effective from Koha item type
        College of Electrical & Mechanical Engineering (CEME) College of Electrical & Mechanical Engineering (CEME) General Stacks 06/20/2017   624.028 DAY CEME-38705 06/28/2021 06/28/2021 Book
© 2023 Central Library, National University of Sciences and Technology. All Rights Reserved.